Los días terrenales

Enregistré dans:
Détails bibliographiques
Auteur principal: Revueltas, José
Format: Livre
Langue:Undetermined
Publié: París, Francia ALLCA XX 1996
Édition:2
Sujets:
Tags: Ajouter un tag
Pas de tags, Soyez le premier à ajouter un tag!

MARC

LEADER 00000nam a2200000Ia 4500
008 170316s9999 xx 000 0 und d
040 |a cru BVZT 
090 |a AR 30 
100 |a Revueltas, José 
245 |a Los días terrenales 
250 |a 2 
260 |a París, Francia 
260 |b ALLCA XX 
260 |c 1996 
300 |a 482 páginas 
650 |a COLECCIÓN ARCHIVOS 
650 |a LITERATURA LATINOAMERICANA 
942 |c SALA 
999 |c 12652  |d 12652